000 00778nam a2200205 a 4500
003 0
005 20250528111025.0
008 021127s19uu xx 00 eng d
050 _aPGS RA 644.L4
_b.D324 2001
100 _aDeiperine, Ralph Lorenzo N.
245 _aThe awareness of the selected people of Southville International School community on leptospirosis /
_cRalph Lorenz N. Deiparine.
260 _aLas PiƱas City, Philippines :
_bSouthville International School and Colleges,
_c2001.
300 _a18 pages :
_bcolored illustrations ;
_c28 cm.
504 _aIncludes bibliographical references.
650 _aLeptospirosis.
650 _aLeptospirosis
_vAwareness.
650 _aHealth education.
650 _aStudents
_vHealth and hygiene.
942 _2lcc
_cPASS
999 _c96552
_d96552